Вып. 32; Антенны

Bibliographic Details
Parent link:Антенны: сборник статей/ Всесоюзное научно-техническое общество радиотехники, электроники и связи им. А. С. Попова. Вып. 32.— , 1966-1988
Language:Russian
Published: 1985
Subjects:
Format: Book
KOHA link:https://koha.lib.tpu.ru/cgi-bin/koha/opac-detail.pl?biblionumber=274668

MARC

LEADER 00000nam2a2200000 4500
001 274668
005 20231101234742.0
020 |a RU  |b 85-69675ж 
035 |a (RuTPU)RU\TPU\book\297878 
090 |a 274668 
100 |a 20141107d1985 k y0rusy5003 ca 
101 0 |a rus 
102 |a RU 
105 |a a z 001zy 
200 0 |a Вып. 32 
210 |d 1985 
215 |d 21 см  |a 159 с.  |c ил. 
320 |a Библиография в конце статей 
461 1 |0 (RuTPU)RU\TPU\book\303184  |t Антенны  |o сборник статей  |f Всесоюзное научно-техническое общество радиотехники, электроники и связи им. А. С. Попова   |v Вып. 32  |d 1966-1988 
606 1 |a Антенны  |2 stltpush  |3 (RuTPU)RU\TPU\subj\29134  |9 52531 
610 1 |a микрополосковые антенны 
610 1 |a печатные антенны 
610 1 |a антенные решетки 
610 1 |a разработка 
610 1 |a проектирование 
610 1 |a излучающие системы 
610 1 |a распределительные системы 
610 1 |a исследование 
610 1 |a численные методы 
610 1 |a электродинамические характеристики 
610 1 |a оптимизация 
675 |a 621.396.67  |z rus  |v 3 
801 0 |a RU  |b RuMRKP  |c 19950704  |g psbo 
801 1 |a RU  |b 63413507  |c 20141107 
801 2 |a RU  |b 63413507  |c 20170120  |g RCR 
942 |c BK